|
|
|
|
| LEADER |
00000nam0a2200000 4500 |
| 001 |
51230 |
| 005 |
20231031035034.0 |
| 010 |
|
|
|a 5930931232
|
| 035 |
|
|
|a (RuTPU)RU\TPU\book\53633
|
| 090 |
|
|
|a 51230
|
| 100 |
|
|
|a 20030428d2002 k y0rusy50 ca
|
| 101 |
0 |
|
|a rus
|
| 102 |
|
|
|a RU
|
| 105 |
|
|
|a a z 001zy
|
| 200 |
1 |
|
|a Реконструкция жилой застройки городов
|f В. Ф. Касьянов
|
| 210 |
|
|
|a Москва
|c Изд-во АСВ
|d 2002
|
| 215 |
|
|
|a 208 с.
|c ил.
|
| 320 |
|
|
|a Библиогр.: с. 205.
|
| 610 |
1 |
|
|a строительство
|
| 610 |
1 |
|
|a города
|
| 610 |
1 |
|
|a жилая застройка
|
| 610 |
1 |
|
|a реконструкция
|
| 610 |
1 |
|
|a градостроительство
|
| 610 |
1 |
|
|a планировка
|
| 610 |
1 |
|
|a проектирование
|
| 610 |
1 |
|
|a социальные вопросы
|
| 610 |
1 |
|
|a экономические вопросы
|
| 675 |
|
|
|a 69.059.3
|v 3
|
| 700 |
|
1 |
|a Касьянов
|b В. Ф.
|g Виталий Федорович
|
| 801 |
|
1 |
|a RU
|b 63413507
|c 20030428
|g PSBO
|
| 801 |
|
2 |
|a RU
|b 63413507
|c 20030528
|g PSBO
|
| 942 |
|
|
|c BK
|